[Event "ROM-ch U08"]
[Site "Baile Felix"]
[Date "2017.02.07"]
[Round "7"]
[White "Ursu, Bogdan"]
[Black "Costan, Rares Cristian"]
[Result "1/2-1/2"]
[WhiteElo "1001"]
[BlackElo "1079"]
[PlyCount "41"]
[EventDate "2017.02.02"]
[EventType "swiss"]
[EventRounds "9"]
[EventCountry "ROU"]
[SourceTitle "CBM 176 Extra"]
[Source "ChessBase"]
[SourceDate "2017.03.02"]
[SourceVersion "1"]
[SourceVersionDate "2017.03.02"]
[SourceQuality "1"]

1. e4 e6 2. d4 d5 3. e5 c5 4. Nf3 Nc6 5. c3 Qb6 6. Bd3 Bd7 7. dxc5 Bxc5 8. 0-0 a5 9. Re1 0-0-0 10. h3 Bxf2+ 11. Kf1 Bxe1 12. Kxe1 Nh6 13. Bxh6 Qxb2 14. Nbd2 gxh6 15. Qc1 Qxc1+ 16. Rxc1 Rhg8 17. Kf1 Kb8 18. Bxh7 Rg7 19. Bd3 Rdg8 20. Kg1 Nb4 21. Bb1 1/2-1/2

[Event "ROM-ch U08"]
[Site "Baile Felix"]
[Date "2017.02.04"]
[Round "3"]
[White "Ivancescu, Bogdan Andrei"]
[Black "Costan, Rares Cristian"]
[Result "0-1"]
[WhiteElo "1009"]
[BlackElo "1079"]
[PlyCount "67"]
[EventDate "2017.02.02"]
[EventType "swiss"]
[EventRounds "9"]
[EventCountry "ROU"]
[SourceTitle "CBM 176 Extra"]
[Source "ChessBase"]
[SourceDate "2017.03.02"]
[SourceVersion "1"]
[SourceVersionDate "2017.03.02"]
[SourceQuality "1"]

1. e4 e6 2. d4 d5 3. exd5 exd5 4. Bd3 Nc6 5. Be3 Bd6 6. Nc3 Nge7 7. Nf3 Bg4 8. Be2 Qd7 9. Bg5 f6 10. Be3 Rg8 11. 0-0 g5 12. Bd3 h6 13. Bd2 0-0-0 14. h3 Bf5 15. a3 g4 16. hxg4 Bxg4 17. b4 Bh3 18. Nh4 Bxg2 19. f4 Bf3+ 20. Kf2 Bxd1 21. Raxd1 Qg4 22. Rh1 Kb8 23. b5 Nxd4 24. Be3 Qg3+ 25. Kf1 Bxf4 26. Bxf4 Qxf4+ 27. Ke1 Nef5 28. Nxf5 Nxf5 29. Rf1 Rge8+ 30. Ne2 Qe3 31. Rxf5 Qg3+ 32. Kd2 Qe3+ 33. Kc3 Qc5+ 34. Kb2 0-1

[Event "ROM-ch U08"]
[Site "Calimanesti Caciulata"]
[Date "2016.04.23"]
[Round "7"]
[White "Costan, Rares Cristian"]
[Black "Popescu, Bogdan Tudor"]
[Result "1/2-1/2"]
[WhiteElo "1050"]
[BlackElo "1001"]
[PlyCount "58"]
[EventDate "2016.04.18"]
[EventType "swiss"]
[EventRounds "9"]
[EventCountry "ROU"]
[SourceTitle "CBM 172 Extra"]
[Source "ChessBase"]
[SourceDate "2016.06.21"]
[SourceVersion "1"]
[SourceVersionDate "2016.06.21"]
[SourceQuality "1"]

1. e4 c5 2. Nc3 Nc6 3. Bc4 e6 4. f4 d6 5. Nf3 g6 6. d3 Nge7 7. 0-0 Bg7 8. Qe1 0-0 9. Be3 Bd7 10. Rd1 a6 11. a4 Qc7 12. Qh4 Rfe8 13. Qg3 Rf8 14. Ne2 d5 15. exd5 exd5 16. Bxc5 dxc4 17. Bxe7 Nxe7 18. dxc4 Bxa4 19. b3 Bc6 20. Ne5 f6 21. Nxc6 Nxc6 22. f5 Qxg3 23. Nxg3 gxf5 24. Nxf5 Nb4 25. c3 Nc2 26. Rd7 Rf7 27. Rxf7 Kxf7 28. Nxg7 Kxg7 29. Rf2 Rd8 1/2-1/2

[Event "ROM-ch U08"]
[Site "Calimanesti Caciulata"]
[Date "2016.04.20"]
[Round "3"]
[White "Costan, Rares Cristian"]
[Black "Santimbrean, Mihnea Nicolae"]
[Result "0-1"]
[WhiteElo "1050"]
[BlackElo "1001"]
[PlyCount "52"]
[EventDate "2016.04.18"]
[EventType "swiss"]
[EventRounds "9"]
[EventCountry "ROU"]
[SourceTitle "CBM 172 Extra"]
[Source "ChessBase"]
[SourceDate "2016.06.21"]
[SourceVersion "1"]
[SourceVersionDate "2016.06.21"]
[SourceQuality "1"]

1. e4 e5 2. d4 exd4 3. Qxd4 Nc6 4. Qe3 Nb4 5. Qb3 Nc6 6. Nd2 Nf6 7. Ngf3 a6 8. Qe3 Bc5 9. Qe2 d6 10. Qd1 Bg4 11. Be2 0-0 12. 0-0 Bxf3 13. Bxf3 h6 14. Nb3 Ne5 15. Bd2 Nxf3+ 16. Qxf3 Re8 17. Rfe1 Qd7 18. Rad1 Rac8 19. Qg3 Qg4 20. Bf4 Qxg3 21. Bxg3 Nxe4 22. Nxc5 dxc5 23. Rd5 Rcd8 24. Rxd8 Rxd8 25. Rxe4 Rd1+ 26. Re1 Rxe1# 0-1